Anuari estadístic : Manresa : 2004 Manresa :
Descripción Física:
387 p. ; 30 cm + 1 disc òptic (CD-ROM)
Otros Autores:
Pacte Territorial del Bages
MARC
| LEADER | 00000nam a2200000Ia 4500 | ||
|---|---|---|---|
| 001 | 24171 | ||
| 008 | 160829s2004 xx 000 0 cat d | ||
| 080 | |a Bib-170 | ||
| 245 | |a Anuari estadístic : |b Manresa : |b 2004 | ||
| 260 | |a Manresa : |b Ajuntament de Manresa, |c 2004 | ||
| 300 | |a 387 p. ; |c 30 cm + 1 disc òptic (CD-ROM) | ||
| 650 | |a Estadístiques |9 49375 | ||
| 650 | |a Anuaris |9 49405 | ||
| 650 | |a Manresa |x Condicions econòmiques |9 49378 | ||
| 651 | 0 | |a Manresa (Catalunya) |v Estadístiques |9 55590 | |
| 700 | |a Pacte Territorial del Bages |9 49383 | ||
| 710 | 1 | |a Manresa (Catalunya). |b Ajuntament |9 51573 | |
| 710 | 1 | |a Catalunya. |b Departament de Treball i Indústria |9 51341 | |
| 710 | 2 | |a Fons Social Europeu |9 7014 | |
| 901 | |a Arxiu | ||
| 942 | |n 1 | ||
| 952 | |0 0 |1 0 |4 0 |6 BIB170 |7 1 |9 55295 |a Arxiu |b Arxiu |d 2016-12-01 |l 0 |o Bib-170 |p 24171 |r 2016-12-01 00:00:00 |w 2016-12-01 |y ARXIU | ||
| 999 | |c 59168 |d 59168 | ||